Deutsche Serien (Sudden Death) - Statistiken

Allgemein
  • Dieses Quiz wurde 375 mal gespielt
  • Das Durchschnittsergebnis liegt bei 6 aus 18
Answers on the Grid
Answers color-coded by a green-red scale on the quiz's grid according to % correct below.
Zwei Kinder und ich
Alpentod
Maxton Hall
Sturm der Liebe
Rundum-sorglos-Paket
Nur Fliegen ist schöner
Tübinger
Evas Geheimnis
Tiere bis unters Dach
Von mir bis zu dir
Gestern waren wir noch Kinder
Check Check
Perfekt Verpasst
Asbest
Out of Berlin
Haus aus Glas
Tentatively
Wolkenfrei
In aller Frische
Bettys Diagnose
Die Drei von der Müllabfuhr
Reiterhof Wildenstein
She is watching
Die Landarztpraxis
5 Days
The Next Level
Opa Josef
Club der roten Bänder
Sieben Sommer
Rote Rosen
Käthe und ich
Missing Edelaide
Dünentod
Die Gebirgsklinik
 
Antwortstatistiken
Antwort % Korrekt
Sturm der Liebe
85%
Rote Rosen
58%
Die Landarztpraxis
57%
Club der roten Bänder
56%
Tiere bis unters Dach
47%
Gestern waren wir noch Kinder
43%
Bettys Diagnose
41%
Maxton Hall
34%
Dünentod
29%
Die Drei von der Müllabfuhr
28%
Käthe und ich
24%
Alpentod
18%
Check Check
13%
Reiterhof Wildenstein
13%
Haus aus Glas
11%
Perfekt Verpasst
11%
Asbest
9%
The Next Level
3%
Keine übereinstimmenden Quizze gefunden
Verteilung der Resultate
Anzahl Personen mit jedem Resultat
Perzentil nach korrekt beantworteten Fragen
Ihre Resultats-Entwicklung
Sie haben dieses Quiz noch nicht gespielt